Geometría moderna : métodos de la teoría de homologías /
Guardado en:
| Autor Principal: | |
|---|---|
| Otros Autores: | , |
| Formato: | Libro |
| Idioma: | Spanish Russian |
| Publicado: |
Moscú :
Mir,
c1987.
|
| Etiquetas: |
Agregar Etiqueta
Sin Etiquetas, Sea el primero en etiquetar este registro!
|
| LEADER | 00979nam a22002295a 4500 | ||
|---|---|---|---|
| 001 | MAT.inmabb003225 | ||
| 008 | 051102s1987####ru#a#####b####001#0#spa#d | ||
| 005 | 20170508152912.0 | ||
| 245 | 1 | 0 | |a Geometría moderna : |b métodos de la teoría de homologías / |c B. Dubrovin, S. Nóvikov, A. Fomenko ; [traducido del ruso por L. Popova]. |
| 260 | |a Moscú : |b Mir, |c c1987. | ||
| 300 | |a 374 p. : |b il. ; |c 23 cm. | ||
| 504 | |a Incluye referencias bibliográficas. | ||
| 505 | 8 | |a Capítulos: 1. Homologías y cohomologías. Recetas de su cálculo -- 2. Puntos críticos de las funciones suaves y de las homologías -- 3. Cobordismos y estructuras suaves. | |
| 510 | 4 | |a MR, |c 86c:55001 |3 (de la versión original) | |
| 100 | 1 | |a Dubrovin, B. A. | |
| 240 | 1 | 0 | |a Sovremennaia geometriia. |l Español |
| 700 | 1 | |a Novikov, Sergei Petrovich. | |
| 700 | 1 | |a Fomenko, A. T. | |
| 084 | |a 55-02 (58-02) |2 MR | ||
| 084 | |a 55-02 (57-02 58-01) |2 MR | ||
| 041 | 1 | |a spa |h rus | |
| 859 | |h 55 |i D819e |p A-6646 |b BIB. MATEMATICA | ||
